000 00865nam a2200301Ia 4500
003 OSt
005 20221007125035.0
006 a|||||r|||| 00| 0
007 ta
008 221006b |||||||| |||| 00| 0 eng d
020 _a075140148X (pbk)
024 _a2816
037 _cTextual
040 _aCDL
_cCDL
_beng
041 _2eng
_aeng
082 _aE:26, M2;N0
100 _aPletcher Derek
_9721404
245 0 _aIndustrial electrochemistry by Derek Pletcher and Frank C Walsh
_b Walsh Frank C
250 _aEd 2
260 _aLondon
_bBlackie Academic Professional
_c1993
300 _a653p
_ccm.
650 _a Electrochemistry
650 _a Physical
_9297719
650 _aChemistry
700 _a Walsh Frank C
_9721405
942 _hE:26, M2;N0
_cTEXL
_2CC
999 _c1214551
_d1214551